1984 /

Guardado en:
Autor Principal: Orwell, George, seud.
Otros Autores: Blair, Eric, Schmidt, Alejandra, tr., Cardemil, Carmen, Ilus.
Formato: Libro
Publicado: Chile : Zig-zag
Edición:2a. ed.
Series:Colección Viento Joven
Materias:
Etiquetas: Agregar Etiqueta
Sin Etiquetas, Sea el primero en etiquetar este registro!
LEADER 00837nam a22002775a 4500
001 CEM.cems012408
005 20070321103516.0
008 130507b######################000#0#####d
003 CEMS
020 |a 9561217392 
082 0 4 |a 823.9 
100 1 |a Orwell, George, seud. 
245 1 0 |a 1984 /  |c George Orwell ; traducción Del Original Inglés de Alejandra Schmidt 
250 |a 2a. ed. 
260 |a Chile :  |b Zig-zag 
300 |a 326 p. 
490 0 |a Colección Viento Joven 
505 0 |a Incluye además notas biográficas del autor 
653 |a Literatura 
653 |a Literatura inglesa siglo 20 
653 |a Novelas 
653 |a Novelas inglesas siglo 20 
700 1 |a Blair, Eric 
700 1 |a Schmidt, Alejandra, tr. 
700 1 |a Cardemil, Carmen, Ilus. 
859 |a CEMS  |b BIB. CEMS - 11 de abril  |h 823.9  |i Or9-3a2  |p 23786.07  |t Ej.1